| 000 | 00666cam a2200169 i 4500 | ||
|---|---|---|---|
| 005 | 20251203134351.0 | ||
| 008 | 250721s2004 jo gr 000 0 ara d | ||
| 082 | 1 | 4 |
_a214.2 _bأ ش ق |
| 100 | 1 |
_aالأشقر، عمر سليمان _eمؤلف. |
|
| 245 | 1 | 0 |
_aأسماء الله الحسنى الهادية إلى الله والمعرفة به / _cأ. د. عمر سليمان عبدالله الأشقر. |
| 264 | 3 | 1 |
_aعمان : _bدار النفائس للنشر و التوزيع، _c2004. |
| 300 | _a359صفحة. | ||
| 650 | 1 | 7 | _aأصول الدين الإسلامي. |
| 650 | 1 | 7 | _aالأسماء الحسنى. |
| 942 |
_2ddc _cBK |
||
| 999 |
_c86217 _d86217 |
||